<?xml version="1.0" encoding="UTF-8"?>
<record
    xmlns:xsi="http://www.w3.org/2001/XMLSchema-instance"
    xsi:schemaLocation="http://www.loc.gov/MARC21/slim http://www.loc.gov/standards/marcxml/schema/MARC21slim.xsd"
    xmlns="http://www.loc.gov/MARC21/slim">

  <leader>01971nam a2200385 i 4500</leader>
  <controlfield tag="003">DO-SdBNP</controlfield>
  <controlfield tag="005">20240813140336.0</controlfield>
  <controlfield tag="006">a||||gr|||| 00| 0 </controlfield>
  <controlfield tag="007">ta</controlfield>
  <controlfield tag="008">240813e1994    dr a|||| |||| 00| 0 spa d</controlfield>
  <datafield tag="040" ind1=" " ind2=" ">
    <subfield code="a">DO-SdBNP</subfield>
    <subfield code="b">spa</subfield>
    <subfield code="c">BNPHU</subfield>
    <subfield code="e">rda</subfield>
  </datafield>
  <datafield tag="082" ind1=" " ind2="4">
    <subfield code="2">22</subfield>
    <subfield code="b">M516j</subfield>
  </datafield>
  <datafield tag="100" ind1="1" ind2=" ">
    <subfield code="a">Mej&#xED;a, Milc&#xED;ades</subfield>
    <subfield code="9">43514</subfield>
    <subfield code="e">autor</subfield>
  </datafield>
  <datafield tag="245" ind1="1" ind2="3">
    <subfield code="a">El jard&#xED;n Bot&#xE1;nico Nacional / </subfield>
    <subfield code="c">Rafael M. Moscoso, Ricardo Garc&#xED;a, fotos, Luis V&#xE1;squez, Vicente Tolentino y Dieter H&#xF6;ner; ilustraciones, S&#xE9;sar Rodr&#xED;guez.</subfield>
  </datafield>
  <datafield tag="264" ind1=" " ind2="1">
    <subfield code="a">Santo Domingo :</subfield>
    <subfield code="b">Jard&#xED;n Bot&#xE1;nico Nacional Dr. Rafael M. Moscoso,</subfield>
    <subfield code="c">1994</subfield>
  </datafield>
  <datafield tag="300" ind1=" " ind2=" ">
    <subfield code="a">47 p&#xE1;ginas :</subfield>
    <subfield code="b">ilustraciones, mapas ;</subfield>
    <subfield code="c">20 cm.</subfield>
  </datafield>
  <datafield tag="336" ind1=" " ind2=" ">
    <subfield code="2">rdacontent</subfield>
    <subfield code="a">texto</subfield>
    <subfield code="b">txt</subfield>
  </datafield>
  <datafield tag="337" ind1=" " ind2=" ">
    <subfield code="2">rdamedia</subfield>
    <subfield code="a">sin mediaci&#xF3;n</subfield>
    <subfield code="b">n</subfield>
  </datafield>
  <datafield tag="338" ind1=" " ind2=" ">
    <subfield code="2">rdacarrier</subfield>
    <subfield code="a">volumen</subfield>
    <subfield code="b">n</subfield>
  </datafield>
  <datafield tag="500" ind1=" " ind2=" ">
    <subfield code="a">Segunda edici&#xF3;n revisada, 1994.</subfield>
  </datafield>
  <datafield tag="505" ind1=" " ind2=" ">
    <subfield code="a">Presentaci&#xF3;n.</subfield>
    <subfield code="t">Jardines Bot&#xE1;nicos: historia y desarrollo.--</subfield>
    <subfield code="t">Jard&#xED;n Bot&#xE1;nico Nacional.--</subfield>
    <subfield code="t">Plano Jard&#xED;n Bot&#xE1;nico Nacional.--</subfield>
    <subfield code="t">Departamentos.--</subfield>
    <subfield code="t">Conferencias y Exposiciones.--</subfield>
    <subfield code="t">Plantas Acu&#xE1;ticas.-- Bromelia.-- Helechos.-- Orqu&#xED;deas.-- Arboretum.-- &#xC1;rea de Plamas.-- Reserva Forestal.-- Gran Ca&#xF1;ada.-- Plantas con Flores Vsitosas.-- Jard&#xED;n Japon&#xE9;s.-- Cact&#xE1;ceas y Suculentas.-- Frutales, Herbolario.-- Plantas End&#xE9;micas.</subfield>
  </datafield>
  <datafield tag="590" ind1=" " ind2=" ">
    <subfield code="a">Inventariado 2024 / MF</subfield>
  </datafield>
  <datafield tag="650" ind1=" " ind2="4">
    <subfield code="a">Jard&#xED;nes Bot&#xE1;nicos</subfield>
    <subfield code="z">Rep&#xFA;blica Dominicana</subfield>
    <subfield code="9">20633</subfield>
  </datafield>
  <datafield tag="650" ind1=" " ind2="1">
    <subfield code="a">Morfog&#xE9;nesis de Las Plantas</subfield>
    <subfield code="9">26245</subfield>
  </datafield>
  <datafield tag="650" ind1=" " ind2="4">
    <subfield code="a">Gen&#xE9;ticas de Las Plantas</subfield>
    <subfield code="9">22314</subfield>
  </datafield>
  <datafield tag="700" ind1="1" ind2=" ">
    <subfield code="a">Garc&#xED;a, Ricardo,</subfield>
    <subfield code="d">1958-</subfield>
    <subfield code="9">23961</subfield>
    <subfield code="e">autor</subfield>
  </datafield>
  <datafield tag="700" ind1="1" ind2=" ">
    <subfield code="a">V&#xE1;squez, Luis, </subfield>
    <subfield code="9">55603</subfield>
    <subfield code="e">fotograf&#xED;as </subfield>
  </datafield>
  <datafield tag="700" ind1="1" ind2=" ">
    <subfield code="a">Vicente, Tolentino,</subfield>
    <subfield code="9">85326</subfield>
    <subfield code="e">fotograf&#xED;as</subfield>
  </datafield>
  <datafield tag="700" ind1="1" ind2=" ">
    <subfield code="a">H&#xF6;ner, Dieter,</subfield>
    <subfield code="e">fotograf&#xED;a</subfield>
    <subfield code="9">86329</subfield>
  </datafield>
  <datafield tag="700" ind1="1" ind2=" ">
    <subfield code="a">Rodr&#xED;guez, S&#xE9;sar</subfield>
    <subfield code="9">86279</subfield>
    <subfield code="e">ilustrador</subfield>
  </datafield>
  <datafield tag="710" ind1="1" ind2=" ">
    <subfield code="a">Jard&#xED;n Bot&#xE1;nico Nacional Dr. Rafael Ma. Moscoso</subfield>
    <subfield code="b">Rep&#xFA;blica Dominicana</subfield>
    <subfield code="9">17888</subfield>
  </datafield>
  <datafield tag="710" ind1="2" ind2=" ">
    <subfield code="a">Fundaci&#xF3;n de Desarrollo Agropecuario INC.</subfield>
    <subfield code="9">86330</subfield>
  </datafield>
  <datafield tag="710" ind1="2" ind2=" ">
    <subfield code="a">Green Caribe</subfield>
    <subfield code="9">86331</subfield>
  </datafield>
  <datafield tag="942" ind1=" " ind2=" ">
    <subfield code="2">ddc</subfield>
    <subfield code="c">LBS1</subfield>
  </datafield>
  <datafield tag="952" ind1=" " ind2=" ">
    <subfield code="0">0</subfield>
    <subfield code="1">0</subfield>
    <subfield code="2">ddc</subfield>
    <subfield code="5">1</subfield>
    <subfield code="7">0</subfield>
    <subfield code="8">DS-F</subfield>
    <subfield code="a">BNPHU</subfield>
    <subfield code="b">BNPHU</subfield>
    <subfield code="c">CT</subfield>
    <subfield code="d">2023-08-13</subfield>
    <subfield code="e">Perteneci&#xF3; a la biblioteca personal de Emilio Cordero Michel / Presidencia de la Rep&#xFA;blica</subfield>
    <subfield code="l">0</subfield>
    <subfield code="o">M516j</subfield>
    <subfield code="p">2024-4804</subfield>
    <subfield code="r">2024-08-13</subfield>
    <subfield code="w">2024-08-13</subfield>
    <subfield code="y">LBS1</subfield>
  </datafield>
  <datafield tag="999" ind1=" " ind2=" ">
    <subfield code="c">57433</subfield>
    <subfield code="d">57433</subfield>
  </datafield>
</record>
